KOHA-Header-6

Auditing : An ISA perspective (Record no. 7923)

000 -LEADER
fixed length control field 00257nam a2200109Ia 4500
100 ## - MAIN ENTRY--AUTHOR NAME
Personal name Muhammad Asif
245 #0 - TITLE STATEMENT
Title Auditing : An ISA perspective
260 ## - PUBLICATION, DISTRIBUTION, ETC. (IMPRINT)
Place of publication Lahore
Name of publisher SKANS
Year of publication 2000
300 ## - PHYSICAL DESCRIPTION
Number of Pages 429
942 ## - ADDED ENTRY ELEMENTS (KOHA)
Koha item type Books

No items available.

Powered by Koha